000 00565nam a2200217Ia 4500
003 OSt
005 20230516095205.0
008 210423s2010 xx 000 0 und d
020 _a9780230226999
040 _cAL
041 _aeng
082 _a574.192
_223
_bNELD
100 _aNELSON (David L);COX (Michael M).
_9104639
245 _aLehninger principles of biochemistry.
250 _a5
260 _aNew York
_bW H Freeman & Co.
_c2010
300 _axxix,1158,I41
_bHB
365 _b1412
_cINR
906 _abiochemistry ; principles
942 _2ddc
_cBK
999 _c164432
_d164432